000 00527cam a2200193ua 4500
001 1646
008 110921n ii |||gr||||Z||||||eng
040 _cMAIN
082 _a363.7
100 _aThakuria, Munindra Nath,
_eAuthor.
245 1 _aParibesh Adhyan
_cby Munindra Nath Thakuria
250 _a1st.
260 _aBongaigoan:
_bAsami Prakashani,
_c2004.
300 _a191p:
_c23cm.
653 _aEnvironmental studies
700 _aSharma, Trikendra Nath,
_eAuthor.
700 _aHaud, Hemanta Kr.,
_eAuthor.
942 _cBK
999 _c1533
_d1533